WWE Royal Rumble Winners - Guess the Winner in the Highlighted Year - Statistics

General Stats
  • This quiz has been taken 26 times
  • The average score is 35 of 46
Answer Stats
Hint Answer % Correct
Men's 2023 Cody Rhodes
86%
Men's 2024 Cody Rhodes
86%
Men's 2025 Jey Uso
86%
Men's 1988 Jim Duggan
86%
Men's 2022 Brock Lesnar
82%
Men's 2014 Batista
77%
Men's 2020 Drew McIntyre
77%
Men's 2021 Edge
77%
Men's 2008 John Cena
77%
Men's 2013 John Cena
77%
Men's 2017 Randy Orton
77%
Men's 2015 Roman Reigns
77%
Men's 2019 Seth Rollins
77%
Men's 1995 Shawn Michaels
77%
Men's 1996 Shawn Michaels
77%
Men's 2018 Shinsuke Nakamura
77%
Men's 1997 "Stone Cold" Steve Austin
77%
Men's 1998 "Stone Cold" Steve Austin
77%
Men's 2000 The Rock
77%
Men's 2002 Triple H
77%
Men's 2016 Triple H
77%
Men's 1999 Vince McMahon
77%
Women's 2018 Asuka
73%
Men's 2005 Batista
73%
Women's 2024 Bayley
73%
Women's 2019 Becky Lynch
73%
Men's 1989 Big John Studd
73%
Men's 2003 Brock Lesnar
73%
Women's 2025 Charlotte Flair
73%
Men's 2004 Chris Benoit
73%
Men's 2010 Edge
73%
Men's 1990 Hulk Hogan
73%
Men's 1991 Hulk Hogan
73%
Men's 1994 Lex Luger / Bret Hart
73%
Men's 2006 Rey Mysterio
73%
Men's 1992 Ric Flair
73%
Women's 2022 Ronda Rousey
73%
Men's 2012 Sheamus
73%
Men's 2001 "Stone Cold" Steve Austin
73%
Men's 2007 The Undertaker
73%
Men's 1993 Yokozuna
73%
Men's 2011 Alberto Del Rio
68%
Women's 2021 Bianca Belair
68%
Women's 2020 Charlotte Flair
68%
Men's 2009 Randy Orton
68%
Women's 2023 Rhea Ripley
68%
No matching quizzes found
Score Distribution
Percent of People with Each Score
Percentile by Number Answered
Your Score History
You have not taken this quiz